00589 a2200157 4500003000500000005001700005040000900022082001400031100002100045245008900066260004300155300001200198505017600210600002000386650002500406NUST20221228135517.0 cNust a355.4,HIT aHitch, Charles J aThe Economics of Defense in the Nuclear Age /cCharles J. Hitch and Roland N. McKean aLondonbHarvard University pressc1960 a344 p.; aPart -1:- The Resources Available for Defense (Page-7), Part -2:- Efficiency in using Defense Resources (Page-105), Part -3:- Special Problems and Applications (Page-243). aCharles j Hitch aEconomics of Defense